Economics and politics within socialist systems: a comparative and developmental approach (Record no. 341376)

000 -LEADER
fixed length control field 00529cam a22001577a 4500
008 - FIXED-LENGTH DATA ELEMENTS--GENERAL INFORMATION
fixed length control field 180718b1982 xxu||||| |||| 00| 0 eng d
082 ## - DEWEY DECIMAL CLASSIFICATION NUMBER
Classification number T19x47 B468
100 ## - MAIN ENTRY--PERSONAL NAME
Personal name Beyme, Kalus Von
245 ## - TITLE STATEMENT
Title Economics and politics within socialist systems: a comparative and developmental approach
Statement of responsibility, etc. by Kalus Von Beyme, Barbara Evans and Eva Kahn
260 ## - PUBLICATION, DISTRIBUTION, ETC.
Place of publication, distribution, etc. New York
Name of publisher, distributor, etc. Praeger
Date of publication, distribution, etc. 1982
300 ## - PHYSICAL DESCRIPTION
Extent 528p.
650 ## - SUBJECT ADDED ENTRY--TOPICAL TERM
Topical term or geographic name entry element Economic policy
650 ## - SUBJECT ADDED ENTRY--TOPICAL TERM
Topical term or geographic name entry element Communist countries - Economic policy
700 ## - ADDED ENTRY--PERSONAL NAME
Personal name Kahn, Eva
700 ## - ADDED ENTRY--PERSONAL NAME
Personal name Evans, Barbara
Holdings
Withdrawn status Lost status Damaged status Not for loan Permanent Location Current Location Date acquired Full call number Barcode Date last seen Price effective from Koha item type
        Indian Institute of Public Administration Indian Institute of Public Administration 1993-09-17 T19x47 B468 58361 2018-07-21 2018-07-21 Book

Powered by Koha